All Elements of the Periodic Table without letters of their symbols - Statistics

General Stats
  • This quiz has been taken 58 times
  • The average score is 52 of 114
Answer Stats
# Element % Correct
10 O
92%
2 | 20 Lium
87%
1 Ydrogen
87%
26 Iron
82%
8 Xygen
79%
19 Potassium
77%
7 Itroge
74%
50 Ti
74%
79 Gold
72%
82 Lead
72%
54 Non
72%
5 Oron
72%
6 Arbon
69%
18 Gon
69%
47 Silver
69%
11 Sodium
69%
27 Balt
67%
56 | 58 Rium
67%
3 Thum
67%
80 Mercury
64%
29 Opper
64%
36 Ypton
64%
12 Anesiu
62%
9 Luorine
62%
17 Horine
59%
15 Hoshorus
59%
30 Ic
59%
32 Rmanium
59%
4 Ryllium
59%
16 Ulfur
59%
13 Uminium
59%
23 Anadium
56%
92 Ranim
56%
33 Renic
56%
86 Ado
54%
88 Dium
54%
25 Agaese
51%
28 Ckel
51%
14 Lcon
51%
34 | 84 Lnium
51%
35 Omine
51%
39 Ttrium
51%
21 Andium
49%
51 Antimony
49%
24 Homium
49%
31 Llium
49%
76 Mium
49%
53 Odne
49%
74 Tungsten
49%
108 Aium
46%
78 Lainum
46%
72 Anium
44%
22 Anum
44%
46 Allaium
41%
48 Amium
41%
87 Ancium
41%
68 Bium
41%
49 | 77 Dum
41%
42 Lybdenu
41%
63 Ropim
41%
83 Smuth
41%
43 Ehneium
38%
100 Eriu
38%
41 Ioium
38%
45 Odium
38%
90 | 107 Orium
38%
37 Uidium
38%
55 Eium
36%
65 Erium
36%
40 Iconium
36%
67 Lmium
36%
85 Sine
36%
66 Sprosium
36%
38 Tontium
36%
62 Aariu
33%
98 Aliornium
33%
52 Llurium
33%
57 Nthnum
33%
70 Tterium
33%
95 Ericiu
31%
89 Tinium
31%
64 Aolinium
28%
75 Hnium
28%
94 Ltonim
28%
73 Nlum
28%
60 Eoymium
26%
97 Erelium
26%
69 Huliu
26%
71 Tetim
26%
105 Unium
26%
59 Aseodymium
23%
103 Awencium
23%
102 Belium
23%
106 Eaborium
23%
81 Haium
23%
96 Uriu
23%
116 Iermorium
21%
111 Oentenium
21%
61 Roethiu
21%
44 Thenim
21%
93 Etuium
18%
99 Intinium
18%
110 Armtatium
15%
109 Eineriu
15%
101 Eneleviu
15%
114 Erovium
13%
112 Operiium
10%
104 Utheodium
10%
91 Rotctinium
8%
No matching quizzes found
Score Distribution
Percent of People with Each Score
Percentile by Number Answered
Your Score History
You have not taken this quiz